000 00570nam a22001817a 4500
003 OSt
005 20140310182955.0
008 130207t xxu||||| |||| 00| 0 eng d
020 _a9712322327
050 _aLB 2846
_b.C34 1998
100 _aCalmorin, Laurentina Paler.
245 _aStatistics in education and the sciences :
_bwith application to research /
_cLaurentina Paler-Calmorin, Melchor A. Calmorin.
260 _aManila :
_bRex Book Store,
_c1998.
300 _aviii, 306 p. :
_c26 cm.
_bill. ;
521 _aEDU
942 _2lcc
_cBK
_kLOC
999 _c17980
_d17980